00341nam a22001337a 450000500170000001000150001702000260003203500140005803700130007208200160008510000140010124500740011530000180018920240307113307.0 aENG-139585 c205.00a9788192855165 aEN-123117 bDBAD/PUB a324.9540532 aRai Raghu aThe Tale Of Two An Outgoing And An incoming/bPrime MinisterhEnglish avp.c29cm(hb)